Simon Sock (Record no. 49020)
| 000 -LEADER | |
|---|---|
| fixed length control field | 00397nam a22001217a 4500 |
| 008 - FIXED-LENGTH DATA ELEMENTS--GENERAL INFORMATION | |
| fixed length control field | 250722b |||||||| |||| 00| 0 eng d |
| 020 ## - INTERNATIONAL STANDARD BOOK NUMBER | |
| International Standard Book Number | 9781444967234 |
| 100 ## - MAIN ENTRY--PERSONAL NAME | |
| Personal name | Sue Hendra (Author), Paul Linnet (Author) and Nick East (illustrator) |
| 9 (RLIN) | 86391 |
| 245 ## - TITLE STATEMENT | |
| Title | Simon Sock |
| 260 ## - PUBLICATION, DISTRIBUTION, ETC. (IMPRINT) | |
| Place of publication, distribution, etc | Great Britain |
| Name of publisher, distributor, etc | Hodder Children's Books |
| Date of publication, distribution, etc | 2017 |
| 300 ## - PHYSICAL DESCRIPTION | |
| Extent | 32 pages |
| Other physical details | col. ill. |
| Dimensions | 18.7 x 1.9 x 19.2 cm |
| 942 ## - ADDED ENTRY ELEMENTS (KOHA) | |
| Source of classification or shelving scheme | |
| Withdrawn status | Lost status | Source of classification or shelving scheme | Damaged status | Not for loan | Collection code | Home library | Current library | Date acquired | Total Checkouts | Full call number | Barcode | Date last seen | Price effective from | Koha item type |
|---|---|---|---|---|---|---|---|---|---|---|---|---|---|---|
| Siem Reap | Asian Hope Siem Reap | Asian Hope Siem Reap | 07/22/2025 | FIC SUE | 209051 | 07/22/2025 | 07/22/2025 | Book |